00323nam a2200121Ia 4500008004000000020001800040082001700058100001800075245004100093260002100134300001300155650003300168210210b1968 xxu||||| |||| 00| 0 eng d a0 07 460226 8 a574.028 MALE aMALHOTRA (S). aExperiments in biology for class XI. aN DbT M Hc1968 aviii,238 aExperiments Biology XI class